Państwa na literę A - nagła śmierć na mapie - Statystyki

Ogólne statystyki
  • Ten quiz został rozwiązany 341 razy
  • Średni wynik to 10 z 13
Answers on the Grid
Answers color-coded by a green-red scale on the quiz's grid according to % correct below.
 
Statystyki odpowiedzi
Odpowiedź % Poprawnych
Albania, Algieria, Andora, Austria
97%
Afganistan, Arabia Saudyjska, Armenia, Azerbejdżan
91%
Australia
81%
Argentyna
80%
Argentyna
79%
Australia
77%
Australia
76%
Australia
72%
Antigua i Barbuda
71%
Algieria
69%
Angola
68%
Arabia Saudyjska
65%
Afganistan
55%
Nie znaleziono quizów pasujących do podanych kryteriów
Rozkład punktacji
Procent ludzi z każdym wynikiem
Percentyl według liczby udzielonych odpowiedzi
Twoja historia wyników
Nie rozwiązałeś tego quizu